El coronel no tiene quien le escriba / (Registro nro. 2088)

000 -CABECERA
campo de control de longitud fija 01206nam a2200289 a 4500
001 - NÚMERO DE CONTROL
campo de control 000035821
005 - FECHA Y HORA DE LA ÚLTIMA TRANSACCIÓN
campo de control 20200120222244.0
008 - DATOS DE LONGITUD FIJA--INFORMACIÓN GENERAL
campo de control de longitud fija 090707s2008 col0 gr0 0 000 d
020 ## - NÚMERO INTERNACIONAL ESTÁNDAR DEL LIBRO
Número Internacional Estándar del Libro 9789584503480
090 ## - LOCALMENTE ASIGNADO TIPO-LC NÚMERO DE CLASIFICACIÓN (OCLC); NÚMERO DE CLASIFICACIÓN LOCAL (RLIN)
Número de clasificación (OCLC) (R) ; Numero de clasificación, CALL (RLIN) (NR) AN
Número cutter local (OCLC) ; Número de libro/Signatura topográfica íntegra, CALL (RLIN) GARc.1
100 0# - ENTRADA PRINCIPAL--NOMBRE DE PERSONA
Nombre de persona García Márquez, Gabriel
245 13 - MENCIÓN DE TÍTULO
Título El coronel no tiene quien le escriba /
Mención de responsabilidad, etc. Gabriel García Márquez.
260 ## - PUBLICACIÓN, DISTRIBUCIÓN, ETC.
Lugar de publicación, distribución, etc. Bogotá :
Nombre del editor, distribuidor, etc. Norma,
Fecha de publicación, distribución, etc. 2008.
300 ## - DESCRIPCIÓN FÍSICA
Extensión 79 p.
490 #0 - MENCIÓN DE SERIE
Mención de serie Verticales de bolsillo : biblioteca García Márquez
500 ## - NOTA GENERAL
Nota general Sin inventario, esté título pertenece a la Biblioteca Ceic Norte
500 ## - NOTA GENERAL
Nota general Ej : 1,2 de Biblioteca Mosquera ISBN : 9789585710368
500 ## - NOTA GENERAL
Nota general Ej : 1 de Biblioteca Chicalá ISBN : 9789585710368. Norma 2012.
500 ## - NOTA GENERAL
Nota general Ej : 1 de Centro de Documentación en Salúd ISBN : 9789585710368. Norma 2012.
500 ## - NOTA GENERAL
Nota general Ej : 1 de CSC Usaquén ISBN : 9789585710368. Norma 2012.
500 ## - NOTA GENERAL
Nota general Ej : 1 de CSC Funza ISBN : 9789585710368. Norma 2012.
500 ## - NOTA GENERAL
Nota general Ej: 1 de Calle 63 ISBN : 9789585710368. Norma 2012.
500 ## - NOTA GENERAL
Nota general Ej: 1 deBiblioteca Ciudadela ISBN : 9789585710368. Norma 2012.
650 14 - PUNTO DE ACCESO ADICIONAL DE MATERIA--TÉRMINO DE MATERIA
Término de materia o nombre geográfico como elemento de entrada Novela colombiana.
650 14 - PUNTO DE ACCESO ADICIONAL DE MATERIA--TÉRMINO DE MATERIA
Término de materia o nombre geográfico como elemento de entrada Literatura colombiana.
901 ## - ELEMENTOS DE DATOS A LOCAL LDA (RLIN)
a Compra, Norma; $19.900, 2008
Existencias
Estado de retiro Estado de pérdida Fuente del sistema de clasificación o colocación Estado dañado No para préstamo Código de colección Localización permanente Ubicación/localización actual Fecha de adquisición Número de inventario Total de préstamos Signatura topográfica completa Código de barras Fecha visto por última vez Número de copia Precio válido a partir de Tipo de ítem Koha Nota pública
          Literatura Adulto Biblioteca Pública San Juan Bosco Biblioteca Pública San Juan Bosco 20/01/2020 98977   ANGARc. MOS008868 20/01/2020 ej.1 20/01/2020 Libro Literatura Quince días

© Todos los derechos reservados para la Biblioteca Pública Municipal San Juan Bosco, 2020
Secretaria de Cultura de Mosquera
Carrera 3 N° 10 Esquina Centro Cultural Barrio El Carmén Teléfono: 8270830 Ext: 34
Funcionando con KOHA
Contacto: Biblioteca Pública Municipal San Juan Bosco/ bibliotecasanjuanbosco@mosquera-cundinamarca.gov.co
Mosquera, Cundinamarca